South Eastern Kenya University

Library Online Public Access Catalogue


An introduction to geological structures and maps / (Record no. 2216)

MARC details
000 -LEADER
fixed length control field 00559cam a22001817a 4500
020 ## - ISBN
International Standard Book Number 9781444112122 (pbk.)
050 00 - LIBRARY OF CONGRESS CALL NUMBER
Classification Number QE601.2
Item Number .B46 2011
100 1# - MAIN ENTRY--Author
Personal name Bennison, George Mills.
245 13 - TITLE
Title An introduction to geological structures and maps /
Statement of responsibility, etc George M. Bennison, Paul A. Olver, Keith A. Moseley.
250 ## - EDITIONSTATEMENT
Edition statement 8th ed.
260 ## - PUBLICATION, DISTRIBUTION, ETC.(IMPRINT)
Place of publication, distribution, etc London ;
Name of publisher, distributor, etc Hodder Education,
Date of publication, distribution, etc c2011.
300 ## - PHYSICAL DESCRIPTION
Extent 168 p. :
500 ## - GENERALNOTE
General note Includes index.
650 #0 - SUBJECT--TOPIC
General subdivision Maps.
650 #0 - SUBJECT--TOPIC
Topical term following geographic name as entry element An introduction to geological structures and maps
700 1# - ADDED ENTRY--PERSONAL AUTHOR
Personal Name Moseley, K. A.
942 ## - ADDED ENTRY ELEMENTS(KOHA)
Koha item type General circulation
Holdings
Source of classification or shelving scheme Not for loan Location (home branch) Sublocation (holding branch) Date accessioned Cost, normal purchase price Full call number Barcode Cost, replacement price Nonpublic note Koha item type Public note
Library of Congress Classification   Main Campus Library Main Campus Library 28/08/2014 3797.55 QE601.2 .B46 2011 2019/022855 4297.00 BONNIE General circulation BONNIE
Kitui, Kenya.
+254736116989
library@seku.ac.ke